Media Worlds in the Postjournalism Era (Registro nro. 183658)

Detalles MARC
000 -ENCABEZADO
Número de control [NR] 00857 a2200241 4500
005 - FECHA Y HORA DE LA ÚLTIMA TRANSACCIÓN
control field 20140903175011.0
008 - DE LONGITUD FIJA DE DATOS DE ELEMENTOS - INFORMACIÓN GENERAL
Elementos de longitud fija [NR] 140120s1991 xxu fr 001 0 eng
020 ## - NUMERO INTERNACIONAL NORMALIZADO PARA LIBROS [R]
Número Internacional Normalizado del libro [NR] 0202303772
040 ## - FUENTE DE CATALOGACION [NR]
Agencia de catalogación original [NR] CO-BoUCM
Idioma de catalogación [NR] spa
Quien Cataloga Jose A. Gerena
Quien Clasifica Aldemar Mondragón
041 00 - CODIGO DE IDIOMA [R]
Código de idioma para texto/pista de sonido o título separado [R] Inglés
100 1# - ASIENTO PRINCIPAL--NOMBRE PERSONAL [NR]
Nombre personal [NR] Altheide, David L.
ID Autoridad 53702
245 10 - MENCION DE TITULO [NR]
Título [NR] Media Worlds in the Postjournalism Era
Mención de responsabilidad, etc. [NR] David L. Altheide, Robert P. Snow
260 ## - PUBLICACION, DISTRIBUCION, ETC. (PIE DE IMPRENTA) [R]
Nombre del editor, distribuidor, etc. [R] Aldine de gruyter
Lugar de publicación, distribución, etc. [R] Nueva York (Estados Unidos)
Fecha de publicación, distribución, etc. [R] 1991
300 ## - DESCRIPCION FISICA [R]
Extensión [R] xiii, 274 páginas
490 ## - MENCION DE SERIE [R]
Mención de serie [R] Comunication and social order
504 ## - NOTA DE BIBLIOGRAFIA, ETC. [R]
Nota de bibliografía, etc. [NR] Incluye referencias bibliográficas e índices
650 #7 - ASIENTO SECUNDARIO DE MATERIA - TERMINO TEMATICO [R]
Término temático o nombre geográfico como elemento de entrada [NR] Medios de comunicación de masas
9 (RLIN) 54129
650 #7 - ASIENTO SECUNDARIO DE MATERIA - TERMINO TEMATICO [R]
Término temático o nombre geográfico como elemento de entrada [NR] Periodismo
9 (RLIN) 54130
690 ## - ASUNTO AGREGADO LOCAL DE ENTRADA - TÉRMINO TEMÁTICO (OCLC, RLIN)
9 (RLIN) 42898
Acceso temático local Periodismo
700 1# - ASIENTO SECUNDARIO - NOMBRE PERSONAL [R]
Nombre personal [NR] Snow, Robert P.
9 (RLIN) 53703
942 ## - ELEMENTOS DE ENTRADA AGREGADOS (KOHA)
Tipo de ítem principal el descrito en 300a Libro
Tema principal Comunicación
Edición 1
Parte restante de la signatura top. A467m
Sistema de clasificación DEWEY
Clasificación 302.23
Existencias
Signatura topográfica Código de barras Última vez visto Ejemplar Costo de reposición Price effective from Tipo de ítem Perdido Sistema de clasificación Dañado No prestable Tipo de ítem específico Suprimido Ubicación habitual Ubicación actual Localización Fecha de creación Proveedor Forma de adquisición Costo Total préstamos
302.23 A467m 100139520 09/12/2025 Ej.1 54700.00 29/11/2013 Libro   DEWEY     Libro   Claustro Claustro 2do piso 29/11/2013 15 Compra 54700.00  
302.23 A467 100139614 09/12/2025 Ej.2 54700.00 02/12/2013 Libro   DEWEY     Libro   Claustro Claustro 2do piso 02/12/2013 15 Compra 54700.00